| 000 | 00854nas a2200289 4500 | ||
|---|---|---|---|
| 001 | BR0905694 | ||
| 003 | BR-BrBNA | ||
| 005 | 20231205113730.0 | ||
| 007 | ta | ||
| 008 | 230509b bl.|||p| |||| 00| 00por d | ||
| 040 |
_aBR-BrBNA _bpor _cBiblioteca Nacional de Agricultura |
||
| 041 | _a(Pt) | ||
| 072 | _aF61; F01 | ||
| 100 | 1 | _aBôas, R.L.V. | |
| 100 | 1 | _aGodoy, L.J.G. de | |
| 100 | 1 | _aBackes, C. | |
| 100 | 1 | _aLima, C.P. de | |
| 100 | 1 | _aFernandes, D.M. | |
| 245 | 1 | _aExportação de nutrientes e qualidade de cultivares de rosas em campo e em ambiente protegido | |
| 650 | _aFLOR | ||
| 650 | _aROSA | ||
| 650 | _aNUTRIENTE | ||
| 650 | _aEXTRAÇÃO | ||
| 773 | 0 |
_tHorticultura Brasileira (Brazil) _xISSN 0102-0536 _g(Oct-Dec 2008), v. 26(4) p. 515-519 _wBR0905694 |
|
| 909 |
_a202311 _bLúcia _c55 _dLúcia Elande |
||
| 942 |
_2AGRIS _n0 _cANA |
||
| 999 |
_c205294 _d205294 |
||